<?xml version="1.0" encoding="UTF-8"?>
<collection xmlns="http://www.loc.gov/MARC21/slim">
<record>
  <controlfield tag="001">150660</controlfield>
  <controlfield tag="005">20251017144635.0</controlfield>
  <datafield tag="024" ind1="8" ind2=" ">
    <subfield code="2">sideral</subfield>
    <subfield code="a">134151</subfield>
  </datafield>
  <datafield tag="037" ind1=" " ind2=" ">
    <subfield code="a">ART-2023-134151</subfield>
  </datafield>
  <datafield tag="041" ind1=" " ind2=" ">
    <subfield code="a">eng</subfield>
  </datafield>
  <datafield tag="100" ind1=" " ind2=" ">
    <subfield code="a">Kwik, S.</subfield>
  </datafield>
  <datafield tag="245" ind1=" " ind2=" ">
    <subfield code="a">D2-DAS technology: an opportunity to use fibre optics for asset monitoring and security applications in electric power utilities</subfield>
  </datafield>
  <datafield tag="260" ind1=" " ind2=" ">
    <subfield code="c">2023</subfield>
  </datafield>
  <datafield tag="520" ind1="3" ind2=" ">
    <subfield code="a">Electric Power Utilities (EPUs) have deployed a fibre optic infrastructure to support their telecommunications needs. DAS technology brings the opportunity to reuse this infrastructure by turning the fibres into distributed acoustic sensors. This paper will explore multiple monitoring and security applications of this technology in high voltage networks in Spain.
DAS techniques enable the digitalization of the physical asset management, and it is a lever towards a cost-effective maintenance.
Ongoing projects are testing these applications in Red Eléctrica de España facilities in collaboration with the University of Zaragoza and Aragon Photonics.
DAS (Distributed Acoustic Sensing) is a technology based on C-OTDR (Coherent Optical Time Domain Reflectometry). It is based on the use of Rayleigh backscattering of coherent pulses traveling along the optical fibre.
This technology turns the fibre into a distributed sensor that, thanks to its high sensitivity, is capable of measuring mechanical and thermal stimuli originated from events happening in the vicinity of the fibre. Due to the low attenuation of the light pulses through the fibre and the pulse repetition rate, the technology can sense tens of kilometres at an acoustic rate with a single interrogator.
Using algorithms techniques based in artificial intelligence (A.I.), unsupervised machine learning, etc., events that occur along (and close to) the fibre path are detected, identified, and classified.
The final user gets notification alarms through different media (mail, SMS, etc.) and can handle the information at its discretion.
Some of the key aspects DAS solutions can provide to an EPU are 1) digitalization and improvement of the preventive detection (proactive), minimizing reactive maintenance interventions; 2) a continuous, online, and automatic supervision 24/7 of infrastructures and 3) take advantage of the EPUs existing fibre optic network, easing the implementation of this technology on the field.
Different projects are currently being carried out in the Spanish TSO in order to explore the different possibilities and applications of DAS technology in an EPU. The paper will focus on these applications, its expectations, and results:
Protection of underground infrastructures (both FO and power cables)
Applications in overhead lines
Protection of subsea infrastructures (both FO and power cables)
Asset perimeter security
Other potential applications
Chapter 1 describes the main motivations that have led to try this technology in the Spanish TSO. Chapter 2, instead, explains the main principles of DAS technology. The different methods used to process de data are explained in Chapter 3, whereas Chapter 4 describes the different applications and use cases of this technology in an Electric Power Utility.</subfield>
  </datafield>
  <datafield tag="540" ind1=" " ind2=" ">
    <subfield code="9">info:eu-repo/semantics/closedAccess</subfield>
    <subfield code="a">All rights reserved</subfield>
    <subfield code="u">http://www.europeana.eu/rights/rr-f/</subfield>
  </datafield>
  <datafield tag="592" ind1=" " ind2=" ">
    <subfield code="a">0.348</subfield>
    <subfield code="b">2023</subfield>
  </datafield>
  <datafield tag="593" ind1=" " ind2=" ">
    <subfield code="a">Control and Systems Engineering</subfield>
    <subfield code="c">2023</subfield>
    <subfield code="d">Q3</subfield>
  </datafield>
  <datafield tag="593" ind1=" " ind2=" ">
    <subfield code="a">Renewable Energy, Sustainability and the Environment</subfield>
    <subfield code="c">2023</subfield>
    <subfield code="d">Q3</subfield>
  </datafield>
  <datafield tag="593" ind1=" " ind2=" ">
    <subfield code="a">Energy Engineering and Power Technology</subfield>
    <subfield code="c">2023</subfield>
    <subfield code="d">Q3</subfield>
  </datafield>
  <datafield tag="593" ind1=" " ind2=" ">
    <subfield code="a">Electrical and Electronic Engineering</subfield>
    <subfield code="c">2023</subfield>
    <subfield code="d">Q3</subfield>
  </datafield>
  <datafield tag="594" ind1=" " ind2=" ">
    <subfield code="a">1.1</subfield>
    <subfield code="b">2023</subfield>
  </datafield>
  <datafield tag="655" ind1=" " ind2="4">
    <subfield code="a">info:eu-repo/semantics/article</subfield>
    <subfield code="v">info:eu-repo/semantics/publishedVersion</subfield>
  </datafield>
  <datafield tag="700" ind1=" " ind2=" ">
    <subfield code="a">Abad, J.M.</subfield>
  </datafield>
  <datafield tag="700" ind1=" " ind2=" ">
    <subfield code="a">Martínez, R.</subfield>
  </datafield>
  <datafield tag="700" ind1=" " ind2=" ">
    <subfield code="a">Preciado, J.</subfield>
  </datafield>
  <datafield tag="700" ind1=" " ind2=" ">
    <subfield code="a">Sevillano, P.</subfield>
    <subfield code="u">Universidad de Zaragoza</subfield>
    <subfield code="0">(orcid)0000-0002-4094-3826</subfield>
  </datafield>
  <datafield tag="700" ind1=" " ind2=" ">
    <subfield code="a">Subías, J.</subfield>
    <subfield code="u">Universidad de Zaragoza</subfield>
    <subfield code="0">(orcid)0000-0002-2244-170X</subfield>
  </datafield>
  <datafield tag="710" ind1="2" ind2=" ">
    <subfield code="1">2002</subfield>
    <subfield code="2">385</subfield>
    <subfield code="a">Universidad de Zaragoza</subfield>
    <subfield code="b">Dpto. Física Aplicada</subfield>
    <subfield code="c">Área Física Aplicada</subfield>
  </datafield>
  <datafield tag="773" ind1=" " ind2=" ">
    <subfield code="g">27 (2023), D2.11053 [15 pp.]</subfield>
    <subfield code="p">Cigre Sci. eng.</subfield>
    <subfield code="t">Cigre Science &amp; engineering</subfield>
    <subfield code="x">2426-1335</subfield>
  </datafield>
  <datafield tag="856" ind1="4" ind2=" ">
    <subfield code="s">595606</subfield>
    <subfield code="u">http://zaguan.unizar.es/record/150660/files/texto_completo.pdf</subfield>
    <subfield code="y">Versión publicada</subfield>
  </datafield>
  <datafield tag="856" ind1="4" ind2=" ">
    <subfield code="s">1438175</subfield>
    <subfield code="u">http://zaguan.unizar.es/record/150660/files/texto_completo.jpg?subformat=icon</subfield>
    <subfield code="x">icon</subfield>
    <subfield code="y">Versión publicada</subfield>
  </datafield>
  <datafield tag="856" ind1="4" ind2="1">
    <subfield code="u">https://cse.cigre.org/cse-n027/d2-das-technology-an-opportunity-to-use-fibre-optics-for-asset-monitoring-and-security-applications-in-electric-power-utilities</subfield>
    <subfield code="z">Texto completo de la revista</subfield>
  </datafield>
  <datafield tag="909" ind1="C" ind2="O">
    <subfield code="o">oai:zaguan.unizar.es:150660</subfield>
    <subfield code="p">articulos</subfield>
    <subfield code="p">driver</subfield>
  </datafield>
  <datafield tag="951" ind1=" " ind2=" ">
    <subfield code="a">2025-10-17-14:28:50</subfield>
  </datafield>
  <datafield tag="980" ind1=" " ind2=" ">
    <subfield code="a">ARTICLE</subfield>
  </datafield>
</record>
</collection>